| 000 | 00390nam a22001457a 4500 | ||
|---|---|---|---|
| 005 | 20150428093237.0 | ||
| 008 | 150428b xxu||||| |||| 00| 0 eng d | ||
| 040 | _cPK-LaUMT | ||
| 082 |
_aKHC 954.9205 _bKAR-B |
||
| 100 | _aKardar, A.H. | ||
| 245 |
_aBangladesh _bthe price of political failure _cA.H. Kardar |
||
| 260 |
_aLahore _bA.H. Kardar publisher _c1985 |
||
| 300 | _a[ ] | ||
| 942 | _cBK | ||
| 999 |
_c70492 _d70492 |
||